Länder mit den meisten Polen - Statistiken

Allgemein
  • Dieses Quiz wurde 417 mal gespielt
  • Das Durchschnittsergebnis liegt bei 16 aus 19
Antwortstatistiken
Bevölkerungsanzahl Ländername % Korrekt
2.000.000 Deutschland
99%
73.000 Russland
96%
36.700.000 Polen
95%
9.500.000 * Vereinigte Staaten
94%
52.000 Tschechien
90%
144.000 Ukraine
89%
130.000 Frankreich
88%
88.000 Italien
85%
75.000 Spanien
84%
59.000 Österreich
82%
700.000 Vereinigtes Königreich
82%
249.000 Kanada
79%
91.000 Schweden
79%
295.000 Weißrussland
76%
196.000 Litauen
74%
72.000 Norwegen
74%
150.000 Niederlande
72%
52.000 Belgien
70%
140.000 Irland
57%
Keine übereinstimmenden Quizze gefunden
Verteilung der Resultate
Anzahl Personen mit jedem Resultat
Perzentil nach korrekt beantworteten Fragen
Ihre Resultats-Entwicklung
Sie haben dieses Quiz noch nicht gespielt